000 01495nam a22003737a 4500
003 DO-SdBNP
005 20180309140137.0
008 160506b 2014 dr 00| 0 spa d
020 _a9789945118513 (v. 1)
020 _a9789945118032 (v. 2) Guía
040 _aBPMSU
_bspa
_cBPMSU
082 4 _a373.257
_bP762b 3ro. 2014
100 1 _aPolanco, Kennida
245 1 _aBiología 3 :
_beducación media ; 1er. grado / 2do. ciclo /
_cKennida Polanco, Víctor Arturo Solano ; dirección editorial Obdulia García de Escobar ; editora Claudia Llibre
260 _aSanto Domingo :
_bSantillana,
_c2014.
300 _a2 v. :
_bils., rters. ;
_c28 cm.
490 1 _aInnova
500 _aLa biblioteca posee el libro y la guía.
500 _a1er. grado / 2do. ciclo
505 _tLa herencia biológica --
_tOrigen y evolución de la vida --
_tLos ecosistemas --
_tLos recursos naturales --
_tFlora de la Española --
_tFauna de la Española.
650 _aBIOLOGÍA
_xENSEÑANZA SECUNDARIA
650 4 _aBIOLOGÍA
_xEDUCACIÓN SECUNDARIA
650 4 _aBIOLOGÍA
_xESTUDIOS Y EJERCICIOS
650 4 _aBIOLOGÍA
_xLIBROS DE TEXTOS
650 4 _aEDUCACIÓN SECUNDARIA
_zREPÚBLICA DOMINICANA
700 1 2 _aSolano, Víctor Arturo
700 1 2 _aGarcía de Escobar, Obdulia,
_eed.
700 1 2 _aLlibre, Claudia,
_eed.
830 0 _aInnova
910 _aValidado. Control de calidad MFF
942 _2ddc
_cBK
945 _aRemanejado para la BNPHU / 2018 BT
956 _aBTAVÁREZ
_b10
_c20160506
_d0038
999 _c10025
_d10025